Mastering leadership: key techniqhes for managing and leading a winning team (Record no. 118188)

MARC details
000 -LEADER
fixed length control field 00408nam a2200145Ia 4500
008 - FIXED-LENGTH DATA ELEMENTS--GENERAL INFORMATION
fixed length control field 230917s9999||||xx |||||||||||||| ||und||
040 ## - CATALOGING SOURCE
-- 102938
Original cataloging agency VIVEKANANDA LIBRARY
041 ## - Language
-- English
082 ## - DDC NUMBER
Classification number 658.4092 M671M
100 ## - MAIN ENTRY--PERSONAL NAME
Personal name Williams, Michael
245 #0 - TITLE STATEMENT
Title Mastering leadership: key techniqhes for managing and leading a winning team
260 ## - PUBLICATION, DISTRIBUTION, ETC. (IMPRINT)
Place of publication, distribution, etc New Delhi
Name of publisher, distributor, etc Viva Books
Date of publication, distribution, etc 2003
300 ## - PHYSICAL DESCRIPTION
Pages 260p p.
942 ## - ADDED ENTRY ELEMENTS (KOHA)
Koha item type Books
Holdings
Withdrawn status Lost status Damaged status Not for loan Location (home branch) Sublocation or collection (holding branch) Shelving location Date acquired Koha issues (times borrowed) Koha full call number Accession No. Koha date last seen Koha item type
        VIVEKANANDA LIBRARY VIVEKANANDA LIBRARY IMSAR Library 24/08/2004   658.4092 M671M 209640 17/09/2023 Books
© Designed and Maintained by Vivekananda Library, MDU Rohtak